Normal view
MARC view
Entry Topical Term
001 - CONTROL NUMBER
- control field: 2837
003 - CONTROL NUMBER IDENTIFIER
- control field: BD-RjUL
005 - DATE AND TIME OF LATEST TRANSACTION
- control field: 20220509115635.0
008 - FIXED-LENGTH DATA ELEMENTS
- fixed length control field: 220509|| aca||aabn | a|a d
040 ## - CATALOGING SOURCE
- Original cataloging agency: BD-RjUL
- Transcribing agency: BD-RjUL
150 ## - HEADING--TOPICAL TERM
- Topical term or geographic name entry element: Evidence (Law)
670 ## - SOURCE DATA FOUND
- Source citation: Work cat.: (BD-RjUL)79770: Rao, Y.H. 2836, The law of pre-trial statements and depositions /, 1952